[Event "Nordic Girls CC 2025 U16"]
[Site "Fredericia"]
[Date "2025.04.27"]
[Round "4.6"]
[White "Kilina, Diana"]
[Black "Schmalholz, Tuva"]
[Result "0-1"]
[WhiteElo "1469"]
[BlackElo "1673"]
[EventDate "2025.04.25"]
[EventType "swiss"]
[EventRounds "5"]
[EventCountry "DEN"]
[SourceTitle "Live v. Kasper Jerwiarz"]

1. e4 e6 2. Nf3 d5 3. Nc3 dxe4 4. Nxe4 Nd7 5. Bc4 Ngf6 6. d3 Be7 7. Bf4 b6 8. O-O Bb7 9. Re1 Nc5 10. Bb5+ c6 11. Bc4 a5 12. a4 Nd5 13. Be5 O-O 14. Nd4 Qd7 15. Qg4 f6 16. Bf4 f5 17. Qg3 fxe4 18. Bh6 Bd6 19. Qg5 Kh8 20. Qh4 gxh6 21. dxe4 Rf4 22. Qxh6 Rxe4 23. Bxd5 Bxh2+ 24. Kxh2 Qxd5 25. Qf6+ Kg8 26. Nf3 Rf8 27. Qg5+ Qxg5 28. Nxg5 Rxe1 29. Rxe1 Rxf2 30. Nxe6 Nxe6 31. Rxe6 c5 32. Re8+ Kf7 33. Kg1 Rxg2+ 34. Kf1 Kxe8 35. c4 h5 36. b4 h4 37. bxc5 h3 38. cxb6 h2 39. c5 h1=R# 0-1

[Event "Nordic Girls CC 2025 U16"]
[Site "Fredericia"]
[Date "2025.04.27"]
[Round "5.1"]
[White "Blauhut, Anna"]
[Black "Briem, Gudrun Fanney"]
[Result "1/2-1/2"]
[WhiteElo "1882"]
[BlackElo "1862"]
[EventDate "2025.04.25"]
[EventType "swiss"]
[EventRounds "5"]
[EventCountry "DEN"]
[SourceTitle "Live v. Kasper Jerwiarz"]

1. e4 c6 2. d4 d5 3. exd5 cxd5 4. c4 Nf6 5. Nc3 e6 6. Nf3 Be7 7. c5 b6 8. Bb5+ Bd7 9. Bxd7+ Nfxd7 10. cxb6 Qxb6 11. O-O O-O 12. b3 Nc6 13. Bb2 Bf6 14. Na4 Qa6 15. Qd2 Rfc8 16. Rac1 Ne7 17. Rfd1 Nf5 18. Nc3 Rc6 19. Rc2 Rac8 20. Rdc1 Nd6 21. h3 h6 22. Qd1 Nb5 1/2-1/2

[Event "Nordic Girls CC 2025 U16"]
[Site "Fredericia"]
[Date "2025.04.27"]
[Round "5.2"]
[White "Andries, Leia"]
[Black "Skramstad, Oda Kofoed"]
[Result "0-1"]
[WhiteElo "1734"]
[BlackElo "1939"]
[EventDate "2025.04.25"]
[EventType "swiss"]
[EventRounds "5"]
[EventCountry "DEN"]
[SourceTitle "Live v. Kasper Jerwiarz"]

1. e4 c6 2. d4 d5 3. e5 Bf5 4. h4 h5 5. Bd3 Bxd3 6. Qxd3 e6 7. Nf3 Qa5+ 8. Nbd2 c5 9. dxc5 Qxc5 10. O-O Nc6 11. Re1 Nb4 12. Qe2 Nxc2 13. Nb3 Qc7 14. Bg5 Nxa1 15. Rxa1 Ne7 16. Rc1 Nc6 17. Nbd4 a6 18. Qc2 Rc8 19. Qa4 Be7 20. Nxc6 bxc6 21. Nd4 O-O 22. Rxc6 Qb7 23. Bxe7 Qxe7 24. Nf3 Qb7 25. Rxa6 Qxb2 26. Qf4 Qc1+ 27. Qxc1 Rxc1+ 28. Kh2 Rd8 29. Nd4 Rc4 30. Nc6 Rd7 0-1

[Event "Nordic Girls CC 2025 U16"]
[Site "Fredericia"]
[Date "2025.04.27"]
[Round "5.3"]
[White "Gultekin, Ece"]
[Black "Hellstrand, Josefina"]
[Result "1-0"]
[WhiteElo "1675"]
[BlackElo "1610"]
[EventDate "2025.04.25"]
[EventType "swiss"]
[EventRounds "5"]
[EventCountry "DEN"]
[SourceTitle "Live v. Kasper Jerwiarz"]

1. e4 Nc6 2. d4 d5 3. e5 Bf5 4. Nf3 e6 5. c3 f6 6. Bb5 Nge7 7. exf6 gxf6 8. Nh4 Bg6 9. Nxg6 hxg6 10. Qg4 Qd7 11. a4 a6 12. Bd3 f5 13. Qg3 Bg7 14. Bf4 O-O-O 15. b4 a5 16. Na3 Nxb4 17. cxb4 axb4 18. Nb5 e5 19. dxe5 Nc6 20. Qxg6 Nxe5 21. Bxe5 Bxe5 22. Bxf5 Bxa1 23. Bxd7+ Rxd7 24. O-O Be5 25. f4 Bg7 26. f5 Be5 27. h3 Rg7 28. Qe6+ 1-0

[Event "Nordic Girls CC 2025 U16"]
[Site "Fredericia"]
[Date "2025.04.27"]
[Round "5.4"]
[White "Schmalholz, Tuva"]
[Black "Donovan, Sabrina"]
[Result "1-0"]
[WhiteElo "1673"]
[BlackElo "1508"]
[EventDate "2025.04.25"]
[EventType "swiss"]
[EventRounds "5"]
[EventCountry "DEN"]
[SourceTitle "Live v. Kasper Jerwiarz"]

1. e4 e5 2. Nc3 Bc5 3. Bc4 d6 4. Na4 Bb6 5. Nxb6 axb6 6. d3 Nc6 7. a3 f5 8. Bxg8 Rxg8 9. Qh5+ g6 10. Qxh7 Be6 11. Nf3 f4 12. g3 g5 13. h4 gxh4 14. Nxh4 fxg3 15. fxg3 Rxg3 16. Nf5 Bxf5 17. Qxf5 Ne7 18. Qe6 Rg8 19. Rh7 Rf8 20. Bg5 Qc8 21. Qxe7# 1-0

[Event "Nordic Girls CC 2025 U16"]
[Site "Fredericia"]
[Date "2025.04.27"]
[Round "5.5"]
[White "Ostafiev, Cristina"]
[Black "Ulmer, Maya Vissing"]
[Result "1/2-1/2"]
[WhiteElo "1712"]
[BlackElo "1778"]
[EventDate "2025.04.25"]
[EventType "swiss"]
[EventRounds "5"]
[EventCountry "DEN"]
[SourceTitle "Live v. Kasper Jerwiarz"]

1. e4 c6 2. d4 d5 3. Nc3 dxe4 4. Nxe4 Nf6 5. Nxf6+ exf6 6. Nf3 Bd6 7. Be3 O-O 8. Be2 Re8 9. Qd2 Qc7 10. O-O Nd7 11. c3 Nf8 12. h3 Ng6 13. Rfe1 Bf5 14. Bd3 Bxd3 15. Qxd3 Nf4 16. Bxf4 Bxf4 17. Rad1 Re6 18. Re4 Rae8 19. Rde1 Qa5 20. Qb1 Bd6 21. a3 Qb5 22. Rxe6 Rxe6 23. Rxe6 fxe6 24. Qc2 Qc4 25. g3 Qd5 26. Ne1 c5 27. dxc5 Qxc5 28. Kh2 Qc6 29. Kg1 b5 30. Qe2 Bc7 31. Qd2 Kf7 32. Nc2 Qd6 33. Qe2 Bb6 34. Kh2 Qc5 35. Kg2 Qd5+ 36. Kh2 Qc5 37. Kg2 Qd5+ 38. Kh2 Qc5 1/2-1/2

[Event "Nordic Girls CC 2025 U16"]
[Site "Fredericia"]
[Date "2025.04.27"]
[Round "5.6"]
[White "Li, Anna Sofie"]
[Black "Kilina, Diana"]
[Result "1-0"]
[WhiteElo "1780"]
[BlackElo "1469"]
[EventDate "2025.04.25"]
[EventType "swiss"]
[EventRounds "5"]
[EventCountry "DEN"]
[SourceTitle "Live v. Kasper Jerwiarz"]

1. e4 e5 2. Nf3 Nc6 3. Bb5 Nf6 4. O-O d5 5. Nxe5 Qd6 6. Nxc6 bxc6 7. e5 Qc5 8. exf6 cxb5 9. Re1+ Kd8 10. fxg7 Bxg7 11. Qh5 Be6 12. Qg5+ f6 13. Qxg7 Re8 14. Qxf6+ Kc8 15. Rxe6 Kb7 16. h3 Qxc2 17. Nc3 Rxe6 18. Qxe6 Rd8 19. d4 b4 20. Qe2 Qxe2 21. Nxe2 Re8 22. Be3 c6 23. Rf1 Ka8 24. Ng3 a5 25. Bd2 Kb7 26. f4 Kc7 27. f5 Kd7 28. f6 Rf8 29. f7 Ke6 30. Ne2 Rxf7 31. Rxf7 Kxf7 32. g4 Kg6 33. h4 h5 34. Nf4+ Kf7 35. Nxh5 Ke7 36. g5 Kd6 37. g6 Ke6 38. g7 Ke7 39. g8=Q Kd7 40. Bf4 b3 41. Qf7+ Kd8 42. Nf6 Kc8 43. Qc7# 1-0